书目信息 |
| 题名: |
领袖元帅与战友
|
|
| 作者: | 薄一波, 著 | |
| 分册: | ||
| 出版信息: | 北京 人民出版社 2002.03 |
|
| 页数: | 438页, [12] 页图版 | |
| 开本: | 21cm | |
| 丛书名: | ||
| 单 册: | ||
| 中图分类: | K827 | |
| 科图分类: | ||
| 主题词: | 革命领袖--ge ming ling xiu--生平事迹--中国--现代 | |
| 电子资源: | ||
| ISBN: | 7-01-003599-7 | |
| 000 | 00785nam0 2200217 450 | |
| 001 | 012007044699 | |
| 005 | 20071008113132.45 | |
| 010 | @a7-01-003599-7@dCNY32.00 | |
| 100 | @a20070801d2002 km y0chiy0120 ea | |
| 101 | 0 | @achi |
| 102 | @aCN@b110000 | |
| 105 | @aafh z 000yd | |
| 200 | 1 | @a领袖元帅与战友@Aling xiu yuan shuai yu zhan you@f薄一波著@Fbo yi bo zhu |
| 210 | @a北京@c人民出版社@d2002.03 | |
| 215 | @a438页, [12] 页图版@c图 (部分彩图), 摹真@d21cm | |
| 330 | @a本书是薄一波同志写的回忆毛泽东、刘少奇、周恩来、朱德以及其他一些同志的文章,记述了作者与他们来往的所见所闻,从一个侧面反映了党的历史。 | |
| 606 | 0 | @a革命领袖@Age ming ling xiu@x生平事迹@y中国@z现代 |
| 690 | @aK827@v4 | |
| 701 | 0 | @a薄一波,@Abo yi bo@f1908- @4著 |
| 801 | 0 | @aCN@c20071008 |
| 905 | @dK827@eB968 | |
| 领袖元帅与战友/薄一波著.-北京:人民出版社,2002.03 |
| 438页, [12] 页图版:图 (部分彩图), 摹真;21cm |
| ISBN 7-01-003599-7:CNY32.00 |
| 本书是薄一波同志写的回忆毛泽东、刘少奇、周恩来、朱德以及其他一些同志的文章,记述了作者与他们来往的所见所闻,从一个侧面反映了党的历史。 |
| ● |
| 相关链接 |
|
|
|
正题名:领袖元帅与战友
索取号:K827/B968
 
预约/预借
| 序号 | 登录号 | 条形码 | 馆藏地/架位号 | 状态 | 备注 |
| 1 | 251580 | 202515803 | 社科库309/309社科库 56排1列2层/ [索取号:K827/B968] | 在馆 | |
| 2 | 251581 | 202515812 | 社科库309/309社科库 56排1列2层/ [索取号:K827/B968] | 在馆 |